| 000 | 00425nam a2200133Ia 4500 | ||
|---|---|---|---|
| 008 | 220217s9999 xx 000 0 und d | ||
| 100 | _aI'ma Neerakkal | ||
| 245 | 0 | _aIntercropping of medicinal plants in rubber plantations- light requirements and physiology of shade adaptation | |
| 260 |
_bMahatma Gandhi University _a Kottayam _c1998 |
||
| 300 | _a160 | ||
| 500 | _aCourse: Ph. D | ||
| 700 | _aDr MR Sethuraj | ||
| 942 | _cTS | ||
| 999 |
_c74600 _d74600 |
||